| 000 | 00928nam a2200289 i 4500 | ||
|---|---|---|---|
| 001 | bgj | ||
| 245 | 0 | 0 | _aCambridge first certificate examination practice 2. |
| 250 | _a[Repr.]. | ||
| 260 |
_aCambridge : _bCambridge University Press, _c1991. |
||
| 300 |
_a115. [7] pp : _bdrawings, photos ; _c24 cm. |
||
| 490 | 1 | _aCambridge Examinations Publishing | |
| 500 | _a1st publ. 1986. | ||
| 505 | _aIncludes answer sheets. | ||
| 650 | 9 |
_aEnglish language _xFCE |
|
| 650 | 9 |
_aEnglish language _xFCE examinations |
|
| 650 | 9 |
_aEnglish language _xFCE practice tests |
|
| 650 | 9 |
_aEnglish language _xFCE tests |
|
| 655 | _aExaminations, questions, etc. | ||
| 710 | 0 | _aUNIVERSITY OF CAMBRIDGE LOCAL EXAMINATIONS SYNDICATE | |
| 830 | _aCambridge Examinations Publishing | ||
| 020 | _a0521408342 | ||
| 040 | _cBPK | ||
| 041 | 0 | _aeng | |
| 920 | _a0-521-40834-2 | ||
| 942 | _cKS | ||
| 008 | s uk f |000 0 eng | ||
| 999 |
_c47373 _d47373 |
||
| 856 |
_uhttp://koha.tu.koszalin.pl/cgi-bin/koha/opac-detail.pl?biblionumber=47373 _yKatalog online BPK |
||